Further investment analysis

Bibliographic Details
Main Authors: Lim, Choo Peng (Author), Saw, Swee-Hock , 1931- (Author)
Corporate Author: Singapore Securities Research Institute
Format: Book
Published: Singapore : Longman ; : Singapore Securities Research Institute , 1986
Subjects:

MARC

LEADER 00000cam a2200000 7i4500
001 0000002547
005 20080605093000.0
008 021118n
020 |a 0851211763 
090 0 0 |a HG4529   |b .F87 
245 0 0 |a Further investment analysis   |c edited by Saw Swee-hock, Lim Choo Peng 
260 2 |a Singapore :   |b Longman ; :   |b Singapore Securities Research Institute ,   |c 1986 
300 |a 617 p. ; ;   |c 25 cm. 
504 |a Includes index 
650 0 |a Investment analysis 
650 0 |a Investments   |z Singapore 
700 0 |a Lim, Choo Peng ,   |e author 
700 0 |a Saw, Swee-Hock ,   |d 1931- ,   |e author 
710 0 0 |a Singapore Securities Research Institute 
999 |a 1000019627   |b Book   |c OPEN SHELF (30 DAYS)   |e Gong Badak Campus